000 00796nam a2200229 a 4500
001 000040819
005 20240412074300.0
008 130909s2013 dr a 000 j spa d
020 _a9789945472226
040 _aDO-SdBNP
_bspa
_cBNPHU
082 _aRD863.44
_bC117c
100 1 _aCabrera García, Carlos Enrique
_967238
245 1 0 _aConjuros y otros microcuentos /
_cCarlos Enrique Cabrera García.
260 _aSanto Domingo :
_bINTEC,
_c2013.
300 _a67 p. :
_bil. ;
_c22 cm.
500 _aIncluye datos biográficos del autor en la solapa de la cubierta
590 _aInventariado, 2020/MFF
650 0 _aCuentos dominicanos
_9176
650 0 _aLiteratura dominicana.
_967
710 2 _aInstituto Tecnológico de Santo Domingo
_978911
910 _aValidado. Control de calidad MFF
999 _c40309
_d40309